The nature of psychological inquiry

Uloženo v:
Podrobná bibliografie
Hlavní autor: Hyman, Ray (Autor)
Médium: Kniha
Jazyk:angličtina
Vydáno: Englewood Cliffs Prentice-Hall 1964
Edice:Foundations of Modern Psychology Series
Témata:
Tagy: Přidat tag
Žádné tagy, Buďte první, kdo vytvoří štítek k tomuto záznamu!

MARC

LEADER 00000nam a2200000 a 4500
001 UCY6148
003 CL-VaPUC
008 950521e19640000US |||||||||||||||||eng|d
082 0 4 |a 121.6  |b HYM  |2 21 
100 |a Hyman, Ray  |e author  |9 335932 
245 1 4 |a The nature of psychological inquiry 
300 |a 116 p 
942 |c BK 
945 |d 19950521 00:00:00  |a cmena 
260 |a Englewood Cliffs  |b Prentice-Hall  |c 1964 
650 0 |a Incertidumbre   |9 335892 
650 0 |a Epistemología   |9 264994 
650 0 |a Psicología   |9 257863 
650 0 |a Cognición   |9 270347 
650 0 |a Metodología   |9 256610 
650 0 |a Inferencia estadística  |9 312855 
650 7 |a BEHAVIORISMO  |2 CL-VaPUC  |9 334658 
583 |a last modification  |c 20120828 10:01:02  |k Rodrigo Vera 
490 0 |a Foundations of Modern Psychology Series 
999 |c 233728  |d 233726 
952 |0 0  |1 0  |4 0  |6 121_600000000000000_HYM_1964  |7 0  |8 P  |9 239436  |a BIBEDU  |b BIBEDU  |c BIBEDU_PB  |d 2019-11-18  |i 1504754  |o 121.6 HYM 1964  |p 1504754  |r 2024-01-25  |w 2019-11-18  |y BK  |k EDU 
952 |0 0  |1 0  |4 0  |6 121_600000000000000_HYM_1964  |7 0  |8 A  |9 239437  |a FDOPOS  |b FDOPOS  |d 2019-11-18  |i 3690393  |o 121.6 HYM 1964  |p 3690393  |r 2025-01-22  |w 2019-11-18  |y BK  |k MLA